000 00553nam a2200193Ia 4500
003 GCL
008 140319s9999 xx 000 0 ara d
040 _aGCL /
_cGCL
082 0 4 _a812.008
_bف س
100 1 _aايهاب شاكر (رسوم)
245 1 0 _aسعدى يوسف /
_cايهاب شاكر (رسوم)
700 1 _aفريال جبورى غزول
300 _a65 ص
490 _aسلسلة الشعر و الشعراء
_v0
650 0 4 _aالشعر العربى
650 0 4 _aالشعر
650 0 4 _aالمجموعات
942 _2ddc
_cBK
999 _c40467
_d40467